НЛП эффективного руководства, или Как управлять кем угодно и где угодно

Bibliografiske detaljer
Hovedforfatter: Ковалев С. В. Сергей Викторович
Summary:На обл. авт. не указан
В этой книге известного психолога, одного из лидеров отечественного и мирового нейролингвистического программирования, психотерапевта высшей в Европе квалификации и создателя собственного официально признанного метода консультирования и психотерапии — Восточной версии нейропрограммирования — едва ли не впервые как бы приоткрывается завеса над глубоко засекреченной и законспирированной областью применения НЛП: в менеджменте и управленческом консалтинге. Достаточно подробно описываются как общие слагаемые личной эффективности руководителя (убеждения и работа с ними; возможности и особенности управленческого общения, а также важнейшие психологические аспекты управленческого влияния, лидерства и эффективной коммуникации), так и вполне конкретные направления повышения результативности деятельности подразделения или организации за счет НЛП-индивидуализации взаимодействий с исполнителями, совершенствования их личности, а также «целевого» улучшения деятельности. Для руководителей, преподавателей менеджмента, управленческих консультантов, психологов и педагогов, а также для всех, желающих быть эффективными и умеющими влиять на других.
Sprog:russisk
Udgivet: Ростов-на-Дону, Феникс, 2010
Udgivelse:7-е изд., стер.
Serier:Империя успеха
Fag:
Format: MixedMaterials Bog
KOHA link:https://koha.lib.tpu.ru/cgi-bin/koha/opac-detail.pl?biblionumber=186610

MARC

LEADER 00000nam0a2200000 4500
001 186610
005 20231101224009.0
010 |a 9785222172704 
035 |a (RuTPU)RU\TPU\book\202467 
090 |a 186610 
100 |a 20101101d2010 m y0rusy50 ca 
101 0 |a rus 
102 |a RU 
105 |a y z 001zy 
200 1 |a НЛП эффективного руководства, или Как управлять кем угодно и где угодно  |f С. В. Ковалев 
205 |a 7-е изд., стер. 
210 |a Ростов-на-Дону  |c Феникс  |d 2010 
215 |a 254 с. 
225 1 |a Империя успеха 
300 |a На обл. авт. не указан 
320 |a Библиогр.: с. 236-238. 
330 |a В этой книге известного психолога, одного из лидеров отечественного и мирового нейролингвистического программирования, психотерапевта высшей в Европе квалификации и создателя собственного официально признанного метода консультирования и психотерапии — Восточной версии нейропрограммирования — едва ли не впервые как бы приоткрывается завеса над глубоко засекреченной и законспирированной областью применения НЛП: в менеджменте и управленческом консалтинге. Достаточно подробно описываются как общие слагаемые личной эффективности руководителя (убеждения и работа с ними; возможности и особенности управленческого общения, а также важнейшие психологические аспекты управленческого влияния, лидерства и эффективной коммуникации), так и вполне конкретные направления повышения результативности деятельности подразделения или организации за счет НЛП-индивидуализации взаимодействий с исполнителями, совершенствования их личности, а также «целевого» улучшения деятельности. Для руководителей, преподавателей менеджмента, управленческих консультантов, психологов и педагогов, а также для всех, желающих быть эффективными и умеющими влиять на других. 
606 1 |a Нейролингвистическое программирование  |2 stltpush  |3 (RuTPU)RU\TPU\subj\45252  |9 64506 
606 1 |a Управление  |x Психология  |2 stltpush  |3 (RuTPU)RU\TPU\subj\63070  |9 80117 
610 1 |a психология 
610 1 |a личность 
610 1 |a социальная психология 
610 1 |a руководство 
610 1 |a власть 
610 1 |a эффективность 
610 1 |a влияние 
610 1 |a убеждение 
610 1 |a управленческое общение 
610 1 |a персонал 
610 1 |a персонал-технологии 
610 1 |a целеполагание 
610 1 |a делегирование полномочий 
686 |a Ю954  |v LBC/SL-A  |2 rubbk 
686 |a Ю952  |v LBC/SL-A  |2 rubbk 
700 1 |a Ковалев  |b С. В.  |g Сергей Викторович 
801 1 |a RU  |b 63413507  |c 20101101 
801 2 |a RU  |b 63413507  |c 20120529  |g RCR 
942 |c BK 
959 |a 74/20101028  |d 1  |e 156,80  |f ЧЗГЛ:1